000 00608nam a22002057a 4500
999 _c8608
_d8608
003 AR-CdUCM
008 190325b ||||| |||| 00| 0 spa d
020 _a978-612-00-1722-7
040 _aMUNICIPALIDAD PROVINCIAL DEL CUSCO
_cBIBLIOTECA MUNICIPAL DEL CUSCO
082 _a869.57 /
_bZ33S
100 _aZander, Alec
_924084
245 _aEl sagrado sacramento /
260 _aLima :
_bMaribelina,
300 _a100 páginas ;
_c20.5 cm.
500 _aNombre del autor: Alexander Monsefú Mendoza.
650 _aNovelas peruanas
_9545
650 _aSiglo XXI
_92856
942 _2ddc
_cLIBROS
945 _aafb